000 01137naa a22002897a 4500
001 BR7704812
003 BR-BrBNA
005 20240918174031.0
007 ta
008 230509b bl.||||| |||| 00| 0 por d
040 _aBR-BrBNA
_bpor
_cBiblioteca Nacional de Agricultura
041 _a(Pt)
072 _aF60
_b2120
_b3840
090 _aF60 BR7704812
100 1 _aManetti Filho, J.
100 1 _aSantos, D.
111 1 _a5. Congresso Brasileiro de Pesquisas Cafeeiras
_cGuarapari, ES (Brazil)
_d18 Oct 1977
245 1 _aTolerancia do aluminio em 4 cultivares de cafe (Coffea arabica L.)e um cultivar de cruzamento interespecifico de Coffea arabica com Coffea canephora
260 3 _aRio de Janeiro, RJ (Brasil):
_c1977.
500 _aResumos do 3. Congresso Brasileiro de Pesquisas Cafeeiras Rio de Janeiro, RJ (Brasil): 1977. p. 21 (BR7704812-AM)F60
650 _aCAFE
650 _aNUTRICAO VEGETAL
650 _aALUMINIO
773 0 _tResumos do 3. Congresso Brasileiro de Pesquisas Cafeeiras
_wF60 BR7704812
_gRio de Janeiro, RJ (Brasil), 1977. p. 21
909 _a202404
_bLucia
_c55
_dLucia Elande
942 _cAM
_2AGRIS
999 _c308486
_d308486